|
|
|
|
| LEADER |
01310nam a2200349 a 4500 |
| 001 |
000595709 |
| 003 |
CZ BrMZK |
| 005 |
20170102081728.0 |
| 007 |
ta |
| 008 |
020418s1985 xr e c cze d |
| 040 |
|
|
|a BOA001
|b cze
|c BOA001
|
| 043 |
|
|
|a e-xr---
|
| 072 |
|
7 |
|a 673
|x Předměty z neželezných kovů
|2 Konspekt
|9 19
|
| 080 |
|
|
|a 673.8
|2 MRF
|
| 080 |
|
|
|a 069.5
|2 MRF
|
| 080 |
|
|
|a (437.3)
|2 MRF
|
| 080 |
|
|
|a (083.824)
|2 MRF
|
| 245 |
0 |
0 |
|a Cín z muzejních sbírek :
|b Okresní muzeum Žďár nad Sázavou, září 1985 : [katalog výstavy] /
|c text M. Puttner
|
| 260 |
|
|
|a Žďár nad Sázavou :
|b Okresní muzeum,
|c 1985
|
| 300 |
|
|
|a 1 nestránkovaný sv.
|
| 504 |
|
|
|a Obsahuje bibliografii
|
| 650 |
0 |
7 |
|a cínové předměty
|7 ph119286
|2 czenas
|
| 650 |
0 |
7 |
|a cínařství
|7 ph486113
|2 czenas
|
| 650 |
0 |
7 |
|a muzejní sbírky
|7 ph137908
|z Česko
|2 czenas
|
| 655 |
|
7 |
|a katalogy výstav
|7 fd132536
|2 czenas
|
| 700 |
1 |
|
|a Puttner, Martin,
|d 1949-1990
|7 jz8600858
|4 wfw
|
| 710 |
2 |
|
|a Okresní muzeum (Žďár nad Sázavou, Česko)
|
| 910 |
|
|
|a BOA001
|b X-0893.965
|
| 990 |
|
|
|a BK
|
| 991 |
|
|
|b 201701
|
| 996 |
6 |
|
|b 2619169949
|c X-0893.965
|l MZK
|r Sklad / do 24 hodin
|n 0
|w 000595709
|u 000020
|a 1
|e BOA001
|j MZK50
|s P
|
| 996 |
7 |
|
|b 2619502764
|c X-0893.965
|l MZK
|r Sklad / do 24 hodin
|n 4
|w 000595709
|u 000010
|a 1
|e BOA001
|j MZK50
|s A
|